Catálogo

Vista normal Vista MARC

Entrada Personal Name

Número de registros utilizados en: 1

001 - CONTROL NUMBER

  • control field: 12740

003 - CONTROL NUMBER IDENTIFIER

  • control field: DLC

005 - DATE AND TIME OF LATEST TRANSACTION

  • control field: 20220610104934.0

008 - FIXED-LENGTH DATA ELEMENTS

  • fixed length control field: 090401n| azannaabn |b aaa c

010 ## - LIBRARY OF CONGRESS CONTROL NUMBER

  • LC control number: no2009050133

035 ## - SYSTEM CONTROL NUMBER

  • System control number: (OCoLC)oca08063907

040 ## - CATALOGING SOURCE

  • Original cataloging agency: NjP-G
  • Language of cataloging: spa
  • Description conventions: rda
  • Transcribing agency: Mx-PuUPA
  • Modifying agency: DLC
  • Modifying agency: MdRoLAC
  • Modifying agency: Mx-PuUPA

046 ## - SPECIAL CODED DATES

  • Birth date: 1952
  • Source of date scheme: edtf

100 1# - HEADING--PERSONAL NAME

  • Personal name: Murata, Kumiko,
  • Dates associated with a name: 1952-

374 ## - OCCUPATION

  • Occupation: Editora

375 ## - GENDER

  • Gender: mujer
  • Source of term: lcdgt

377 ## - ASSOCIATED LANGUAGE

  • Language code: jpn
  • Language code: eng

400 1# - SEE FROM TRACING--PERSONAL NAME

  • Personal name: 村田久美子,
  • Dates associated with a name: 1952-

670 ## - SOURCE DATA FOUND

  • Source citation: Komyunikēshon nōryoku ikusei saikō, 2008:
  • Information found: t.p. (村田久美子 = Murata Kumiko)

670 ## - SOURCE DATA FOUND

  • Source citation: NDL OPAC, Mar. 10, 2009
  • Information found: (村田久美子 = Murata Kumiko ; r; 1952-)

670 ## - SOURCE DATA FOUND

  • Source citation: Exploring ELF in Japanese academic and business contexts, [2015]
  • Information found: ECIP t.p. ( Kumiko Murata)

670 ## - SOURCE DATA FOUND

  • Source citation: Institute of Education, March 16, 2015:
  • Information found: (Thesis (Phd):(University of London Institute of Education, 1992)

670 ## - SOURCE DATA FOUND

  • Source citation: English-medium instruction from an English as a lingua franca perspective, 2018:
  • Information found: ECIP title page (Kumiko Murata) data view (Kumiko Murata is Professor of English and Applied Linguistics at the School of Education and the Graduate School of Education, Waseda University. Her....)